[Event "BEL-ch op"]
[Site "Niel"]
[Date "2017.07.07"]
[Round "7"]
[White "Vande Velde, Erik"]
[Black "Boons, Patrick"]
[Result "0-1"]
[WhiteElo "1872"]
[BlackElo "2015"]
[PlyCount "92"]
[EventDate "2017.07.01"]
[EventType "swiss"]
[EventRounds "9"]
[EventCountry "BEL"]
[SourceTitle "EXT 2018"]
[Source "ChessBase"]
[SourceDate "2017.10.13"]
[SourceVersion "1"]
[SourceVersionDate "2017.10.13"]
[SourceQuality "1"]

1. e4 d5 2. exd5 Nf6 3. Bb5+ Bd7 4. Bc4 Bf5 5. Nc3 Nbd7 6. Nf3 Nb6 7. Bb5+ Bd7 8. Be2 Nbxd5 9. Nxd5 Nxd5 10. d4 g6 11. Ne5 Bg7 12. 0-0 c6 13. Nxd7 Qxd7 14. c3 0-0 15. Bg5 h6 16. Bh4 f5 17. f4 Ne3 18. Qb3+ Kh7 19. Rf3 Ng4 20. Rd1 b5 21. d5 a6 22. h3 Nf6 23. dxc6 Qxc6 24. Bxf6 Bxf6 25. Rfd3 Rae8 26. Kh1 Qe4 27. Bf3 Qxf4 28. Bb7 Be5 29. g3 Qf2 30. Rf3 Qb6 31. Bd5 e6 32. Bc4 Qc6 33. Be2 Bxg3 34. Kg1 Bh4 35. Rfd3 Re7 36. Qb4 Bg5 37. Bf3 Qc7 38. Qd6 Bf4 39. Qxa6 e5 40. Rd6 e4 41. Rc6 Be3+ 42. Kh1 Qg3 43. Bg2 Bf4 44. Kg1 e3 45. Re6 Rfe8 46. Rxe7+ Rxe7 0-1

[Event "Flandern-ch Expert"]
[Site "Ghent"]
[Date "2016.05.07"]
[Round "5"]
[White "Boons, Patrick"]
[Black "Boucquet, Emile"]
[Result "0-1"]
[WhiteElo "2019"]
[BlackElo "2157"]
[PlyCount "98"]
[EventDate "2016.05.05"]
[EventType "swiss"]
[EventRounds "7"]
[EventCountry "BEL"]
[SourceTitle "EXT 2017"]
[Source "ChessBase"]
[SourceDate "2016.10.25"]
[SourceVersion "1"]
[SourceVersionDate "2016.10.25"]
[SourceQuality "1"]

1. e4 c5 2. Nc3 e6 3. g3 d5 4. d3 Be7 5. Bg2 Nf6 6. Nh3 0-0 7. 0-0 Nc6 8. exd5 exd5 9. Nf4 Bg4 10. Qd2 d4 11. Ncd5 Bd6 12. h3 Bd7 13. a3 b5 14. Nxf6+ Qxf6 15. Nh5 Qg6 16. Nf4 Qf6 17. Nh5 Qe5 18. Qg5 Rae8 19. Qxe5 Nxe5 20. Nf4 a5 21. Bd2 a4 22. Nd5 f5 23. f4 Ng6 24. Rae1 Rxe1 25. Rxe1 Rb8 26. c3 dxc3 27. bxc3 Kf7 28. Kf2 Be6 29. Rb1 Ne7 30. Ne3 Ba2 31. Rb2 Bb3 32. Bc1 Rd8 33. Rd2 b4 34. cxb4 cxb4 35. Nc4 Bxc4 36. dxc4 bxa3 37. Ke2 Ke8 38. Ra2 Rb8 39. Bxa3 Bxa3 40. Rxa3 Rb2+ 41. Kf1 Rb4 42. c5 Kd7 43. Rd3+ Kc7 44. Rd6 a3 45. Ra6 Rb1+ 46. Kf2 Rb2+ 47. Kf3 a2 48. Bf1 Nc6 49. Bc4 a1Q 0-1

[Event "Ghent Taminco op 37th"]
[Site "Ghent"]
[Date "2014.07.22"]
[Round "8"]
[White "Jamrich, Gyorgy"]
[Black "Boons, Patrick"]
[Result "0-1"]
[WhiteElo "2284"]
[BlackElo "2029"]
[PlyCount "120"]
[EventDate "2014.07.19"]
[EventType "swiss"]
[EventRounds "9"]
[EventCountry "BEL"]
[SourceTitle "CBM 161 Extra"]
[Source "ChessBase"]
[SourceDate "2014.08.29"]
[SourceVersion "1"]
[SourceVersionDate "2014.08.29"]
[SourceQuality "1"]

1. e4 d6 2. d4 Nf6 3. Nc3 c6 4. Bg5 Nbd7 5. f4 Qa5 6. Qd2 e5 7. Nf3 Be7 8. Bd3 exd4 9. Nxd4 Nc5 10. 0-0-0 h6 11. Bh4 Qb4 12. Nf3 Bg4 13. e5 Nxd3+ 14. cxd3 Bxf3 15. gxf3 dxe5 16. Rhe1 Qxf4 17. Qxf4 exf4 18. Bxf6 gxf6 19. Re4 Kd7 20. Rxf4 Rhg8 21. Ne4 Rg6 22. Rd2 f5 23. Rxf5 Ke6 24. Rh5 f5 25. Ng3 Bg5 26. Nxf5 Bxd2+ 27. Kxd2 Rg5 28. Nd4+ Kd5 29. Rh4 Rf8 30. Kc3 c5 31. Nb5 a6 32. Na3 Rxf3 33. Rxh6 b5 34. Nc2 b4+ 35. Kb3 Rxd3+ 36. Ka4 Rd2 37. Ne3+ Kd4 38. h4 Rxb2 39. hxg5 Rxa2+ 40. Kb3 Ra3+ 41. Kb2 Rxe3 42. Rh4+ Ke5 43. Rg4 Kf5 44. Rg1 Kg6 45. Ra1 Kxg5 46. Rxa6 Kf5 47. Ra8 Ke4 48. Rd8 Rd3 49. Rh8 Kd5 50. Rh4 Rd4 51. Rh5+ Kc4 52. Rh2 b3 53. Ka3 Kc3 54. Rh3+ Rd3 55. Rh2 c4 56. Rg2 Rd2 57. Rg3+ Kc2 58. Rg4 c3 59. Rb4 b2 60. Ka2 Rd1 0-1

[Event "Leuven op 24th"]
[Site "Leuven"]
[Date "2012.11.04"]
[Round "5"]
[White "Boons, Patrick"]
[Black "Leunis, Geert"]
[Result "0-1"]
[WhiteElo "2001"]
[BlackElo "2284"]
[PlyCount "118"]
[EventDate "2012.11.01"]
[EventType "swiss"]
[EventRounds "7"]
[EventCountry "BEL"]
[SourceTitle "EXT 2013"]
[Source "ChessBase"]
[SourceDate "2012.11.22"]
[SourceVersion "1"]
[SourceVersionDate "2012.11.22"]
[SourceQuality "1"]

1. e4 e6 2. d4 d5 3. exd5 exd5 4. Bd3 Nc6 5. c3 Bd6 6. Qf3 Nge7 7. Ne2 Be6 8. Bf4 Ng6 9. Bxd6 Qxd6 10. Nd2 0-0-0 11. 0-0-0 Nce7 12. Qg3 Qd7 13. f3 Rde8 14. Nb3 b6 15. Rhe1 Kb7 16. Kb1 Bf5 17. Nec1 a5 18. Bxf5 Qxf5+ 19. Nd3 h5 20. Ka1 h4 21. Qf2 Nc8 22. Qf1 Nd6 23. Nxa5+ bxa5 24. Nc5+ Kc8 25. Qa6+ Kd8 26. Qa8+ Qc8 27. Qxd5 Rxe1 28. Rxe1 Re8 29. Qg5+ Ne7 30. Qxg7 Qf5 31. Qh6 Ng6 32. Rb1 Re2 33. Qg7 Ne8 34. Qg8 h3 35. gxh3 Qxf3 36. a4 Re7 37. h4 Qh5 38. Rf1 Qh8 39. Qxh8 Nxh8 40. Nb7+ Kd7 41. Nxa5 Nd6 42. Nb3 f5 43. Nc5+ Kc6 44. Rf2 Nhf7 45. Kb1 Nh6 46. h3 Ne4 47. Nxe4 Rxe4 48. Kc2 Rxh4 49. Rf3 f4 50. Kd3 Nf7 51. c4 Ng5 52. Rf1 Rxh3+ 53. Ke2 Re3+ 54. Kd1 Rd3+ 55. Kc2 Rxd4 56. Kc3 Re4 57. b4 Re3+ 58. Kc2 f3 59. Kd2 Ra3 0-1

[Event "BEL-ch op"]
[Site "Lommel"]
[Date "2012.06.30"]
[Round "1"]
[White "Boons, Patrick"]
[Black "Barbier, Astrid"]
[Result "1/2-1/2"]
[WhiteElo "2002"]
[BlackElo "1662"]
[PlyCount "77"]
[EventDate "2012.06.30"]
[EventType "swiss"]
[EventRounds "9"]
[EventCountry "BEL"]
[SourceTitle "EXT 2013"]
[Source "ChessBase"]
[SourceDate "2012.11.22"]
[SourceVersion "1"]
[SourceVersionDate "2012.11.22"]
[SourceQuality "1"]

1. e4 c5 2. Nc3 g6 3. g3 Bg7 4. Bg2 Nc6 5. d3 Nf6 6. f4 0-0 7. Nf3 d5 8. e5 Ne8 9. 0-0 Nc7 10. h3 Rb8 11. g4 b6 12. Ne2 Qd7 13. Ng3 Bb7 14. Re1 Ne6 15. c3 d4 16. c4 Ned8 17. f5 Qc7 18. Qe2 a6 19. Bd2 Ba8 20. Rac1 Nb7 21. g5 f6 22. fxg6 hxg6 23. gxf6 exf6 24. exf6 Rxf6 25. Ne4 Rff8 26. Neg5 Nbd8 27. Nh4 Ne5 28. Bxa8 Rxa8 29. Qe4 Qc6 30. Qe2 Ndf7 31. Rf1 Nxg5 32. Bxg5 Qe6 33. Bf4 Qxh3 34. Bxe5 Qxh4 35. Bxg7 Qg3+ 36. Kh1 Qh3+ 37. Kg1 Qg3+ 38. Kh1 Qh3+ 39. Kg1 1/2-1/2

[Event "Leuven op 23rd"]
[Site "Leuven"]
[Date "2011.11.12"]
[Round "4"]
[White "Kukov, Velislav"]
[Black "Boons, Patrick"]
[Result "1-0"]
[WhiteElo "2416"]
[BlackElo "1987"]
[PlyCount "47"]
[EventDate "2011.11.10"]
[EventType "swiss"]
[EventRounds "7"]
[EventCountry "BEL"]
[SourceTitle "CBM 145 Extra"]
[Source "ChessBase"]
[SourceDate "2012.01.03"]
[SourceVersion "1"]
[SourceVersionDate "2012.01.03"]
[SourceQuality "1"]

1. Nf3 d5 2. c4 e6 3. g3 c6 4. Bg2 Bd6 5. 0-0 Nf6 6. d4 Ne4 7. Nfd2 Nxd2 8. Nxd2 0-0 9. e4 dxe4 10. Nxe4 Be7 11. Be3 Nd7 12. Qe2 f5 13. Nc3 Nf6 14. Rad1 Qe8 15. Rfe1 Bd7 16. Bf4 Rf7 17. d5 exd5 18. cxd5 Bf8 19. Qc4 Qc8 20. d6 Be8 21. Ne2 a5 22. Nd4 Bd7 23. a4 Ne8 24. Nf3 1-0

[Event "BEL-ch op"]
[Site "Antwerp"]
[Date "2011.07.10"]
[Round "9.18"]
[White "Boons, Patrick"]
[Black "Engelaer, Maurice"]
[Result "1-0"]
[WhiteElo "1967"]
[BlackElo "2024"]
[PlyCount "67"]
[EventDate "2011.07.02"]
[EventType "swiss"]
[EventRounds "9"]
[EventCountry "BEL"]
[SourceTitle "CBM 143 Extra"]
[Source "ChessBase"]
[SourceDate "2011.08.29"]
[SourceVersion "1"]
[SourceVersionDate "2011.08.29"]
[SourceQuality "1"]

1. e4 Nf6 2. Nc3 e5 3. Nf3 Bb4 4. Bc4 d6 5. d3 0-0 6. 0-0 c6 7. Bg5 Be6 8. Bxe6 fxe6 9. Ne2 h6 10. Be3 Ba5 11. c3 Bc7 12. Qb3 Qc8 13. Nh4 d5 14. Ng6 Rf7 15. f4 Nbd7 16. fxe5 Bxe5 17. d4 Bxh2+ 18. Kh1 e5 19. exd5 cxd5 20. Bd2 Qe8 21. Kxh2 Ng4+ 22. Kg1 Rxf1+ 23. Rxf1 Qxg6 24. Qxd5+ Kh8 25. Qxd7 Qh5 26. Rf7 Qh2+ 27. Kf1 Qh1+ 28. Ng1 Nh2+ 29. Kf2 h5 30. Qxb7 Ng4+ 31. Ke2 Re8 32. Rxg7 exd4+ 33. Kd3 Nf6 34. Bh6 1-0